000
00231nam a2200109 a 4500
005
20140414132051.0
008
110330s19uu xx 00 eng d
050
_a
P
_b
MAT
245
_a
Ang mata.
650
_a
Eyes
999
_c
114158
_d
114158